[Event "GER-ch U10"]
[Site "Willingen"]
[Date "2021.08.23"]
[Round "1"]
[White "Ley, Cornelius"]
[Black "Burban, Victor"]
[Result "1-0"]
[WhiteElo "1447"]
[BlackElo "1215"]
[PlyCount "75"]
[EventDate "2021.08.22"]
[EventType "swiss"]
[EventRounds "11"]
[EventCountry "GER"]
[SourceTitle "EXT 2022"]
[Source "ChessBase"]
[SourceDate "2021.10.06"]
[SourceVersion "1"]
[SourceVersionDate "2021.10.06"]
[SourceQuality "1"]

1. e4 e6 2. d4 d5 3. e5 c5 4. c3 Qb6 5. Nf3 Nc6 6. Bd3 cxd4 7. cxd4 Bd7 8. 0-0 Nxd4 9. Nxd4 Qxd4 10. Qe2 Qb6 11. Nd2 Ne7 12. Nb3 Nc6 13. Rd1 Qc7 14. Be3 Qxe5 15. Rac1 Qc7 16. Nc5 Bd6 17. g3 d4 18. Bd2 Ne5 19. Nxe6 Qb6 20. Nxg7+ Ke7 21. f4 Bg4 22. Qe4 Bxd1 23. fxe5 Bc5 24. Nf5+ Ke8 25. Rxd1 Qc6 26. Qe2 Rg8 27. Kf1 Qh1+ 28. Kf2 Qxh2+ 29. Kf3 Qh5+ 30. Ke4 Qg6 31. Kd5 Qc6+ 32. Kc4 Bb6+ 33. Kb3 Qd5+ 34. Bc4 Qd7 35. Bb5 Rd8 36. Bxd7+ Rxd7 37. Nd6+ Kd8 38. Bf4 1-0